000 00800cam a22002651 4500
001 000012611
005 20200929163039.0
008 750908s1949 xx 000 0 spa
010 _a50034120
035 _a(OCoLC)1610010
040 _aDO-SdBNP
_cFU
_dDLC
042 _apremarc
043 _as------
_as-bo---
050 0 0 _aF3324
_b.D563
100 2 _aDiez de Medina, E.
_q(Eduardo),
_db. 1881.
_929321
245 1 0 _aDiplomacia y politica internacionales.
260 _aLa Paz :
_b[cover,
_c1949].
300 _a279 p. ;
_c24cm.
505 0 _aPerfiles.--Paginas dispersas.--En la Tribuna.
651 0 _aLatin America
_vBiography.
_929322
651 0 _aBolivia
_xForeign Relations.
_929323
650 0 _aInternational relations.
_928546
910 _aCatalogación derivada
082 _a327.84
999 _c12266
_d12266